00503 2200181 4500001002100000005001500021035002000036245005800056100001800114250001700132300003300149260004500182082001200227084001800239020002200257650001400279500002800293INLIS00000000000073220241018075634 a0010-10240000251 aHidup Sehat dengan Kolesterol Rendah /cRikrik Husain0 aRikrik Husain aCetakan ke-1 aiv, 140 hlm :bIlus ;c21 cm aJakarta :bPT Sinar Wadja Lestari,c2007 a641.563 a641.563 RIK h a978-979-1213-12-7 4aKesehatan aSeri Kesehatan Keluarga